000 00716nam a2200181Ia 4500
003 GCL
008 140319s9999 xx 000 0 ara d
040 _aGCL /
_cGCL
082 0 4 _a204
_bم ع
100 1 _aمحمد عبدالهادى حيدر
245 1 0 _aعالم الارواح: دراسة علمية بارسيكولوجية لاخطر ماكشف عنه العلم الحديث من قدرات انسانية غامضة وحقائق الروح والحياة والموت والانتقال والتخاطر والتنويم /
_cمحمد عبدالهادى حيدر
490 _a
650 0 4 _aالاسلام
650 0 4 _aالموت
650 0 4 _aالروح
650 0 4 _aالحياة
942 _2ddc
_cBK
999 _c38878
_d38878